000 00361nam a2200145Ia 4500
008 230917s9999||||xx |||||||||||||| ||und||
040 _e61648
_aMAIN
041 _aEnglish
082 _a843.7 F617S:M
100 _aStarkie, Enid
245 0 _aFalubert: The making of the master
260 _aMiddlesex
_bPenguin
_c1971
300 _axvi, 461 p.
942 _cBK
999 _c175686
_d175686